Dramaturgia costarricense : (Record no. 61)
[ view plain ]
| 000 -LEADER | |
|---|---|
| campo de control de longitud fija | 01587nam a22003015i 4500 |
| 001 - NÚMERO DE CONTROL | |
| campo de control | 17910751 |
| 003 - IDENTIFICADOR DE NÚMERO DE CONTROL | |
| campo de control | GKHJTNYIE |
| 005 - FECHA Y HORA DE LA ÚLTIMA TRANSACCIÓN | |
| campo de control | 20220326193247.0 |
| 008 - DATOS DE LONGITUD FIJA--INFORMACIÓN GENERAL | |
| campo de control de longitud fija | 131011s2012 cr 000 0 spa |
| 020 ## - NÚMERO INTERNACIONAL ESTÁNDAR DEL LIBRO | |
| Número Internacional Estándar del Libro | 9789968475211 |
| 035 ## - NÚMERO DE CONTROL DEL SISTEMA | |
| Número de control de sistema | (NcChVT)VT132CR154 |
| 040 ## - FUENTE DE CATALOGACIÓN | |
| Centro catalogador/agencia de origen | DLC |
| Lengua de catalogación | eng |
| Centro/agencia transcriptor | DLC |
| Normas de descripción | rda |
| 082 ## - NÚMERO DE LA CLASIFICACIÓN DECIMAL DEWEY | |
| Número de clasificación | 862.5 |
| Número de ítem | C198d |
| 100 1# - ENTRADA PRINCIPAL--NOMBRE DE PERSONA | |
| Nombre de persona | Campos, Arturo. |
| 9 (RLIN) | 314 |
| 245 10 - MENCIÓN DEL TÍTULO | |
| Título | Dramaturgia costarricense : |
| Resto del título | expresiones escénicas emergentes / |
| Mención de responsabilidad, etc. | Arturo Campos, Ricardo Lobo y Mabel Marín ; edición y prólogo: Adolfo Albornoz. |
| 250 ## - MENCION DE EDICION | |
| Mención de edición | 1a ed. |
| 264 #1 - PRODUCCIÓN, PUBLICACIÓN, DISTRIBUCIÓN, FABRICACIÓN Y COPYRIGHT | |
| Producción, publicación, distribución, fabricación y copyright | San José : |
| Nombre del de productor, editor, distribuidor, fabricante | Editorial Arlekín, |
| Fecha de producción, publicación, distribución, fabricación o copyright | 2012. |
| 300 ## - DESCRIPCIÓN FÍSICA | |
| Extensión | 150 pages ; |
| Dimensiones | 21 cm |
| 336 ## - TIPO DE CONTENIDO | |
| Término de tipo de contenido | text |
| Fuente | rdacontent |
| 337 ## - TIPO DE MEDIO | |
| Nombre/término del tipo de medio | unmediated |
| Fuente | rdamedia |
| 338 ## - TIPO DE SOPORTE | |
| Nombre/término del tipo de soporte | volume |
| Fuente | rdacarrier |
| 505 ## - NOTA DE CONTENIDO CON FORMATO | |
| Título | Prologo "Generación Emergente": La Dramaturgia costarricense del siglo XXI/ Adolfo Albornoz |
| -- | Te echare de menos/ Arturo Campos |
| -- | Proyectos incompletos/ Ricardo Lobo |
| -- | Entre el Humo y la Lluvia (A partir de las obras "El zoológico de cristal, Un tranvía llamado deseo, Verano, humo y Háblame como la lluvia y déjame escuchar de Tennessee Williams")/ Mabel Marin |
| 520 ## - RESUMEN, ETC. | |
| Sumario, etc. | Three works by young Costa Rican playwrights of the 21st century: Campos' "Te Echaré de Menos", Lobo's "Proyectos Incompletos", and Marín's "Entre el Humo y la Lluvia". Also includes an introductory essay on this new generation of playwrights. |
| 650 ## - PUNTO DE ACCESO ADICIONAL DE MATERIA--TÉRMINO DE MATERIA | |
| Término de materia o nombre geográfico como elemento de entrada | Teatro |
| Subdivisión general | Teatro costarricense |
| -- | literatura |
| Subdivisión geográfica | Costa Rica |
| 9 (RLIN) | 315 |
| 700 ## - ENTRADA AGREGADA--NOMBRE PERSONAL | |
| Nombre de persona | Arturo Campos, Ricardo Lobo y Mabel Marín |
| 9 (RLIN) | 316 |
| 906 ## - ELEMENTOS DE DATOS F LOCAL, LDF (RLIN) | |
| a | 0 |
| b | ibc |
| c | origres |
| d | u |
| e | ncip |
| f | 20 |
| g | y-gencatlg |
| Estatus retirado | Estado de pérdida | Fuente del sistema de clasificación o colocación | Estado de daño | No para préstamo | Biblioteca de origen | Biblioteca actual | Ubicación en estantería | Fecha de adquisición | Total de préstamos | Signatura topográfica completa | Código de barras | Visto por última vez | Precio de reemplazo | Tipo de ítem Koha |
|---|---|---|---|---|---|---|---|---|---|---|---|---|---|---|
| Clasificación Decimal Dewey | Biblioteca LadoV | Biblioteca LadoV | 09/04/2014 | 862.5 C198d | 000062 | 09/04/2014 | 09/04/2014 | Material 01 |
